| 000 | 00493cam a2200181ua 4500 | ||
|---|---|---|---|
| 001 | 5614 | ||
| 008 | 131005n ii |||gr||||Z||||||asm | ||
| 040 | _cMAIN | ||
| 082 | _a954.162 | ||
| 245 | 1 | 1 |
_aAssam Buranji _cBy Harakanta Barua Sadar |
| 260 |
_aGauhati: _bDeppartment of Historical& Antiquarian Studies, _c1990. |
||
| 300 | _a151p. | ||
| 653 | _aHistory | ||
| 653 | _aAssam Buranji | ||
| 700 | 1 |
_aSadar Barua,Harakanta, _eAuthor. |
|
| 700 | 1 |
_aBhuyan,Surya Kumar., _eEditor. |
|
| 942 | _cBK | ||
| 999 |
_c4775 _d4775 |
||